[Event "Ch Argentina"]
[Site "masterchessopen.com Buenos Aires (Argentina)"]
[Round "17"]
[White "Rebizzo Cayetano (ARG)"]
[Black "Benko Francisco (ARG)"]
[Result "1-0"]
[WhiteElo "2265"]
[BlackElo "2036"]

1.d4 Nf6 2.c4 g6 3.Nc3 d5 4.cxd5 Nxd5 5.e4 Nxc3 6.bxc3 c5 7.Bc4 Bg7 8.Ne2 cxd4
9.cxd4 Nc6 10.Be3 O-O 11.O-O Bg4 12.f3 Na5 13.Bd3 Be6 14.d5 Bxa1 15.Qxa1 f6
16.Qd4 Bf7 17.Bh6 e5 18.Qb4 Re8 19.Be3 b6 20.Ba6 Qe7 21.Bd2 Nb7 22.Bb5 Qxb4
23.Bxb4 Rec8 24.Be7 Kg7 25.f4 Be8 26.Ba6 Rc7 27.fxe5 Rxe7 28.exf6+ Kh6 29.fxe7
Nc5 30.Rf8 Nxa6 31.d6 Nc5 32.e5 Kg7 33.Nf4 Rc8 34.h4 b5 35.e6 Nxe6 36.Nxe6+
Kh6 37.Rxe8 {#r} 1-0

[Event "Ch Yugoslavia"]
[Site "masterchessopen.com Zagreb (Croatia)"]
[Round "12"]
[White "Damjanovic Mato (CRO)"]
[Black "Mihaljcisin Mihajlo (SRB)"]
[Result "1-0"]
[WhiteElo "2303"]
[BlackElo "2280"]

1.d4 Nf6 2.c4 g6 3.Nc3 d5 4.cxd5 Nxd5 5.e4 Nxc3 6.bxc3 Bg7 7.Bc4 c5 8.Ne2 cxd4
9.cxd4 Nc6 10.Be3 O-O 11.O-O Bg4 12.f3 Na5 13.Bd3 Be6 14.d5 Bxa1 15.Qxa1 f6
16.Bh6 Re8 17.Nd4 Bf7 18.Bb5 Qb6 19.Bxe8 Rxe8 20.Be3 Nc4 21.Bf2 Qa6 22.Rc1 Rc8
23.h3 Kg7 24.a4 Nb6 25.Rxc8 Nxc8 26.Qc3 b6 27.Qc7 {#r} 1-0

[Event "Tournament"]
[Site "masterchessopen.com Copenhagen (Denmark)"]
[Round "3"]
[White "Teschner Rudolf (GER)"]
[Black "Moe Mogens (DEN)"]
[Result "0-1"]
[WhiteElo "2295"]
[BlackElo "2300"]

1.d4 Nf6 2.c4 g6 3.Nc3 d5 4.cxd5 Nxd5 5.e4 Nxc3 6.bxc3 Bg7 7.Bc4 O-O 8.Ne2 c5
9.O-O Nc6 10.Be3 cxd4 11.cxd4 Bg4 12.f3 Na5 13.Bd3 Be6 14.d5 Bxa1 15.Qxa1 f6
16.Bh6 Re8 17.Nd4 Bd7 18.Kh1 Rc8 19.e5 Nc4 20.exf6 exf6 21.Nc6 bxc6 22.Bxc4
cxd5 23.Bxd5+ Be6 24.Be4 Qe7 25.h3 f5 26.Bb1 Bc4 27.Rd1 Qe5 28.Qxe5 Rxe5
29.Kh2 Re2 30.Rd7 Rb2 31.Rg7+ Kh8 32.Bxf5 gxf5 {#R} 0-1

[Event "It (open)"]
[Site "masterchessopen.com Villa Gesell (Argentina)"]
[Round "3"]
[White "Acosta Tomas (ARG)"]
[Black "Farah Rodolfo (ARG)"]
[Result "1-0"]
[WhiteElo "2275"]
[BlackElo "2152"]

1.d4 Nf6 2.c4 g6 3.Nc3 d5 4.cxd5 Nxd5 5.e4 Nxc3 6.bxc3 Bg7 7.Bc4 O-O 8.Ne2 c5
9.Be3 cxd4 10.cxd4 Nc6 11.O-O Bg4 12.f3 Na5 13.Bd3 Be6 14.Qa4 a6 15.Qb4 b5
16.Rfd1 Rc8 17.a4 Bb3 18.Rdc1 Bc4 19.Rd1 Nb3 20.Rab1 Nxd4 21.Bxc4 Rxc4 22.Qd2
Rc2 23.Qxc2 Nxc2 24.Rxd8 Rxd8 25.Bc5 Rd2 26.axb5 axb5 27.Kf1 b4 28.Bxb4 Ne3+
29.Kf2 Rd3 30.Bxe7 h5 31.Bc5 Nc4 32.Rb8+ Kh7 33.h3 Nd2 34.Rb7 Nb3 35.Be3 Na1
36.Rxf7 h4 37.Bd4 Rxd4 38.Nxd4 Kg8 39.Rd7 Nc2 40.Nxc2 {#r} 1-0

[Event "Olympiad URS"]
[Site "masterchessopen.com Moscow (Russia)"]
[Round "2"]
[White "Vaganian Rafael A (ARM)"]
[Black "Mukhin Evgeny B (UZB)"]
[Result "0-1"]
[WhiteElo "2510"]
[BlackElo "2294"]

1.d4 Nf6 2.c4 g6 3.Nc3 d5 4.cxd5 Nxd5 5.e4 Nxc3 6.bxc3 Bg7 7.Bc4 O-O 8.Ne2 c5
9.O-O Nc6 10.Be3 cxd4 11.cxd4 Na5 12.Bd3 Bg4 13.f3 Be6 14.d5 Bxa1 15.Qxa1 f6
16.Bh6 Re8 17.h4 Bf7 18.Nf4 Rc8 19.Kh1 Qc7 20.Qe1 Nc4 21.Qg3 b5 22.Re1 a6
23.e5 Nxe5 24.Bf5 Kh8 25.h5 g5 26.Nh3 Bxd5 27.Nxg5 e6 28.Nxh7 exf5 29.Nxf6
Nxf3 30.Bg7+ Qxg7 31.Qxg7+ Kxg7 32.Nxe8+ Kf8 33.h6 Bg8 {#R} 0-1

[Event "It"]
[Site "masterchessopen.com Hastings (England)"]
[Round "0"]
[White "Pytel Krzysztof (FRA)"]
[Black "Bennett Gerald H (ENG)"]
[Result "1-0"]
[WhiteElo "2405"]
[BlackElo "2320"]

1.d4 Nf6 2.c4 g6 3.Nc3 d5 4.cxd5 Nxd5 5.e4 Nxc3 6.bxc3 Bg7 7.Bc4 c5 8.Ne2 O-O
9.O-O Nc6 10.Be3 cxd4 11.cxd4 Bg4 12.f3 Na5 13.Bd3 Be6 14.Rc1 Bxa2 15.d5 Bb3
16.Qe1 Ba4 17.Qb4 Bd7 18.Rfd1 b5 19.Nd4 a6 20.Be2 Nb7 21.Nc6 Bxc6 22.dxc6 Nd6
23.f4 a5 24.Qc5 Qc8 25.e5 Nf5 26.Bxb5 Nxe3 27.Qxe3 f6 28.c7 fxe5 29.Bd7 Qa6
30.Rc6 Qb7 31.Qc5 {#r} 1-0

[Event "It"]
[Site "masterchessopen.com Leipzig (Germany)"]
[Round "4"]
[White "Knaak Rainer (GER)"]
[Black "Gruenberg Hans-Ulrich (GER)"]
[Result "1-0"]
[WhiteElo "2510"]
[BlackElo "2315"]

1.d4 Nf6 2.c4 g6 3.Nc3 d5 4.cxd5 Nxd5 5.e4 Nxc3 6.bxc3 Bg7 7.Bc4 c5 8.Ne2 Nc6
9.Be3 O-O 10.O-O cxd4 11.cxd4 Bg4 12.f3 Na5 13.Bd3 Be6 14.Qa4 a6 15.d5 b5
16.Qb4 Bxa1 17.Rxa1 f6 18.Bc5 Nc6 19.Qd2 Ne5 20.Nd4 Bd7 21.f4 Nxd3 22.Qxd3 Rc8
23.Rc1 Qa5 24.Nb3 Qxa2 25.Ra1 Qxa1+ 26.Nxa1 Rxc5 27.Nb3 Rc4 28.d6 e6 29.h4
Rfc8 30.Nd2 a5 31.Qe3 Rc1+ 32.Kh2 a4 33.h5 R1c2 34.h6 R2c5 35.e5 f5 36.Qf2 Be8
37.Qh4 Ra8 38.Qe7 Bf7 39.Qf6 Kf8 40.Qh8+ {#r} 1-0

[Event "It (open)"]
[Site "masterchessopen.com Bagneux (France)"]
[Round "0"]
[White "Kouatly Bachar (FRA)"]
[Black "Lappoehn Hardy (GER)"]
[Result "1-0"]
[WhiteElo "2453"]
[BlackElo "2083"]

1.d4 Nf6 2.c4 g6 3.Nc3 d5 4.cxd5 Nxd5 5.e4 Nxc3 6.bxc3 Bg7 7.Bc4 c5 8.Ne2 Nc6
9.Be3 O-O 10.O-O cxd4 11.cxd4 Bg4 12.f3 Na5 13.Bd3 Be6 14.d5 Bxa1 15.Qxa1 f6
16.Rb1 b6 17.Bh6 Re8 18.Nf4 Bd7 19.e5 Rc8 20.e6 Ba4 21.Rb4 Bc2 22.Bb5 Qc7
23.Bxe8 Rxe8 24.h4 Rc8 25.Qd4 Nc4 26.d6 Nxd6 27.Nd5 Qd8 28.g4 Bf5 29.g5 Ne8
30.Rc4 Ra8 31.Rc6 Rb8 32.Kf2 Ra8 33.gxf6 exf6 34.e7 Qb8 35.Kg2 Qb7 36.Rxf6
Nxf6 37.Qxf6 Bh3+ 38.Kf2 {#r} 1-0

[Event "Olympiad (w)"]
[Site "masterchessopen.com Haifa (Israel)"]
[Round "4"]
[White "Garcia Vicente Nieves (ESP)"]
[Black "Tagnon Nicole (FRA)"]
[Result "1-0"]
[WhiteElo "2214"]
[BlackElo "1934"]

1.d4 Nf6 2.c4 g6 3.Nc3 d5 4.cxd5 Nxd5 5.e4 Nxc3 6.bxc3 Bg7 7.Bc4 O-O 8.Ne2 c5
9.O-O Nc6 10.Be3 cxd4 11.cxd4 Na5 12.Bd3 Bg4 13.f3 Be6 14.d5 Bxa1 15.Qxa1 f6
16.Bh6 Re8 17.Nd4 Bd7 18.f4 e5 19.fxe5 Rxe5 20.Nf3 Qb6+ 21.Kh1 Rh5 22.Bf4 Re8
23.Re1 Bg4 24.Nd4 Re7 25.Qc3 f5 26.d6 Rd7 27.Qc8+ Rd8 28.Qe6+ Kg7 29.Qe7+ {#r}
1-0

[Event "?"]
[Site "masterchessopen.com Malme (Sweden)"]
[Round "0"]
[White "Niklasson Christer (SWE)"]
[Black "Schmidt Wlodzimierz (POL)"]
[Result "0-1"]
[WhiteElo "2350"]
[BlackElo "2485"]

1.d4 Nf6 2.c4 g6 3.Nc3 d5 4.cxd5 Nxd5 5.e4 Nxc3 6.bxc3 Bg7 7.Bc4 c5 8.Ne2 O-O
9.O-O Nc6 10.Be3 cxd4 11.cxd4 Bg4 12.f3 Na5 13.Bd3 Be6 14.d5 Bxa1 15.Qxa1 f6
16.Qd4 Bd7 17.e5 fxe5 18.Qxe5 Qb8 19.Qxe7 Re8 20.Qc5 b6 21.Qc1 Qc8 22.Qd2 Nc4
23.Bxc4 Qxc4 24.Rc1 Qh4 25.Ng3 Rac8 26.Rxc8 Rxc8 27.Ne4 Rc2 28.Qd1 Ba4 29.Qf1
Bb5 30.Qd1 Be2 31.Qb1 Bxf3 32.Nf2 Re2 33.Qc1 Qe7 34.Qc8+ Kf7 35.gxf3 Qxe3
36.Qc7+ Kf6 37.Qd6+ Kf5 38.Qd7+ Ke5 {#R} 0-1

[Event "Ch URS (qual)"]
[Site "masterchessopen.com Rostov on Don (Russia)"]
[Round "0"]
[White "Popov Nikolay (MDA)"]
[Black "Anikaev Yuri N (RUS)"]
[Result "0-1"]
[WhiteElo "2405"]
[BlackElo "2433"]

1.d4 Nf6 2.c4 g6 3.Nc3 d5 4.cxd5 Nxd5 5.e4 Nxc3 6.bxc3 Bg7 7.Bc4 c5 8.Ne2 Nc6
9.Be3 O-O 10.O-O cxd4 11.cxd4 Bg4 12.f3 Na5 13.Bd3 Be6 14.Qa4 a6 15.d5 Bxa1
16.Rxa1 f6 17.Qa3 Bd7 18.Bd2 b6 19.Nd4 Re8 20.Rf1 Qc7 21.Rc1 Qe5 22.Qb4 Rac8
23.Rxc8 Rxc8 24.Bxa6 Rc4 25.Qxb6 Qxd4+ {#R} 0-1

[Event "Ch Poland"]
[Site "masterchessopen.com Poland"]
[Round "0"]
[White "Borchardt Adam (POL)"]
[Black "Lipski Tadeusz (POL)"]
[Result "1-0"]
[WhiteElo "1967"]
[BlackElo "2039"]

1.d4 Nf6 2.c4 g6 3.Nc3 d5 4.cxd5 Nxd5 5.e4 Nxc3 6.bxc3 Bg7 7.Bc4 c5 8.Ne2 Nc6
9.Be3 O-O 10.O-O cxd4 11.cxd4 Bg4 12.f3 Na5 13.Bd3 Be6 14.Qa4 a6 15.Nf4 b5
16.Nxe6 fxe6 17.Qa3 Bxd4 18.Bxd4 Qxd4+ 19.Kh1 Nc6 20.Rad1 Qb6 21.Rd2 e5 22.Rc1
Rad8 23.Rdc2 Rf6 24.h3 Kg7 25.Rxc6 {#r} 1-0

[Event "Ch Yugoslavia (team)"]
[Site "masterchessopen.com Yugoslavia"]
[Round "0"]
[White "Deze Anton (YUG)"]
[Black "Gligoric Svetozar (SRB)"]
[Result "0-1"]
[WhiteElo "2405"]
[BlackElo "2565"]

1.d4 Nf6 2.c4 g6 3.Nc3 d5 4.cxd5 Nxd5 5.e4 Nxc3 6.bxc3 Bg7 7.Bc4 O-O 8.Ne2 c5
9.O-O Nc6 10.Be3 cxd4 11.cxd4 Bg4 12.f3 Na5 13.Bd3 Be6 14.d5 Bxa1 15.Qxa1 f6
16.Rb1 b6 17.Bh6 Re8 18.Qd4 Bf7 19.Bb5 e5 20.Qf2 Re7 21.f4 exf4 22.Qxf4 Re5
23.Ng3 a6 24.Be2 Nb7 25.Rf1 Nc5 26.Qxf6 Qxf6 27.Rxf6 Nxe4 28.Nxe4 Rxe4 29.Bf3
Re5 30.Bf4 Re1+ 31.Kf2 Rb1 32.Bc7 Rb2+ 33.Kg3 Rd2 34.Rxb6 Rf8 35.d6 Bd5
36.Rxa6 Rd3 37.d7 Bxf3 38.d8=Q Rfxd8 39.Bxd8 Bb7+ {#R} 0-1

[Event "It"]
[Site "masterchessopen.com Zalaegerszeg (Hungary)"]
[Round "0"]
[White "Deze Anton (YUG)"]
[Black "Pribyl Josef (CZE)"]
[Result "0-1"]
[WhiteElo "2405"]
[BlackElo "2485"]

1.d4 Nf6 2.c4 g6 3.Nc3 d5 4.cxd5 Nxd5 5.e4 Nxc3 6.bxc3 Bg7 7.Bc4 c5 8.Ne2 Nc6
9.Be3 O-O 10.O-O cxd4 11.cxd4 Bg4 12.f3 Na5 13.Bd3 Be6 14.d5 Bxa1 15.Qxa1 f6
16.Bh6 Re8 17.Kh1 Rc8 18.Qd4 Bd7 19.Rb1 b6 20.e5 Rc5 21.Nf4 Qc7 22.Nxg6 hxg6
23.exf6 e5 24.dxe6 Bxe6 25.Bxg6 Rf8 26.Re1 Qd7 27.f7+ Rxf7 28.Bxf7+ Qxf7 {#R}
0-1

[Event "It"]
[Site "masterchessopen.com Zinnowitz (Germany)"]
[Round "0"]
[White "Knaak Rainer (GER)"]
[Black "Szymczak Zbigniew (POL)"]
[Result "0-1"]
[WhiteElo "2500"]
[BlackElo "2279"]

1.d4 Nf6 2.c4 g6 3.Nc3 d5 4.cxd5 Nxd5 5.e4 Nxc3 6.bxc3 Bg7 7.Bc4 c5 8.Ne2 Nc6
9.Be3 O-O 10.O-O cxd4 11.cxd4 Bg4 12.f3 Na5 13.Bd3 Be6 14.Rc1 Bxa2 15.d5 e6
16.Bc5 exd5 17.Bxf8 Bxf8 18.e5 Nc4 19.Qc2 Nxe5 20.Bxg6 hxg6 21.Qxa2 Nd3 22.Rb1
Bc5+ 23.Kh1 Nf2+ 24.Rxf2 Bxf2 25.Nf4 Qf6 26.Nxd5 Qd4 27.Qb3 Re8 28.Qxb7 Rd8
29.Ne7+ Kf8 30.g3 Rd7 31.Nxg6+ fxg6 32.Qc6 Kg7 33.Kg2 Be3 34.Qe6 Rf7 35.Rb8
Qd2+ 36.Kh3 Qd7 37.Qxd7 Rxd7 38.Ra8 Rd2 39.f4 Bg1 {#R} 0-1

[Event "Ch Poland"]
[Site "masterchessopen.com Piotrkow Trybunalski (Poland)"]
[Date "1977.02.20"]
[Round "7"]
[White "Borchardt Adam (POL)"]
[Black "Lipski Tadeusz (POL)"]
[Result "1-0"]
[WhiteElo "1967"]
[BlackElo "2039"]

1.d4 Nf6 2.c4 g6 3.Nc3 d5 4.cxd5 Nxd5 5.e4 Nxc3 6.bxc3 Bg7 7.Bc4 c5 8.Ne2 O-O
9.O-O Nc6 10.Be3 cxd4 11.cxd4 Bg4 12.f3 Na5 13.Bd3 Be6 14.Qa4 a6 15.Nf4 b5
16.Nxe6 fxe6 17.Qa3 Bxd4 18.Bxd4 Qxd4+ 19.Kh1 Nc6 20.Rad1 Qb6 21.Rd2 e5 22.Rc1
Rad8 23.Rdc2 Rf6 24.h3 Kg7 25.Rxc6 {#r} 1-0

[Event "Ch Great Britain"]
[Site "masterchessopen.com Ayr (England)"]
[Round "2"]
[White "Cooper John G (WLS)"]
[Black "Whiteley Andrew J (ENG)"]
[Result "1-0"]
[WhiteElo "2315"]
[BlackElo "2280"]

1.d4 Nf6 2.c4 g6 3.Nc3 d5 4.cxd5 Nxd5 5.e4 Nxc3 6.bxc3 c5 7.Bc4 Bg7 8.Ne2 O-O
9.O-O cxd4 10.cxd4 Nc6 11.Be3 Bg4 12.f3 Na5 13.Bd3 Be6 14.Rc1 Bxa2 15.Qa4 Be6
16.d5 Bd7 17.Qb4 e6 18.Nc3 exd5 19.Nxd5 Be6 20.Rfd1 Bxd5 21.exd5 Qxd5 22.Be4
Qb3 23.Bd2 b6 24.Bxa8 Rxa8 25.Qd6 Qb5 26.Bf4 Nb7 27.Qe7 Nc5 28.Rd8+ Rxd8
29.Qxd8+ Bf8 30.Bh6 Ne6 31.Qb8 a5 32.h3 a4 33.Rc8 Qb4 34.Qe5 a3 35.Rxf8+ {#r}
1-0

[Event "Olympiad"]
[Site "masterchessopen.com Buenos Aires (Argentina)"]
[Round "2"]
[White "Szmacinska Grazyna (POL)"]
[Black "Khadilkar Jayshree (IND)"]
[Result "1-0"]
[WhiteElo "2181"]
[BlackElo "2120"]

1.d4 Nf6 2.c4 g6 3.Nc3 d5 4.cxd5 Nxd5 5.e4 Nxc3 6.bxc3 c5 7.Bc4 Bg7 8.Ne2 O-O
9.Be3 Nc6 10.O-O cxd4 11.cxd4 Bg4 12.f3 Na5 13.Bd3 Be6 14.d5 Bxa1 15.Qxa1 f6
16.Bh6 Re8 17.Qd4 Bd7 18.Rb1 b6 19.Kh1 Rc8 20.e5 Rc5 21.Nf4 Qc7 22.Nxg6 hxg6
23.Bxg6 Qxe5 24.Qh4 f5 25.Bh7+ Kh8 26.Bf4 Qg7 27.Bxf5+ Kg8 28.Bxd7 Rf8 29.Be6+
Rf7 30.Qxe7 Rc8 31.d6 {#r} 1-0

[Event "It"]
[Site "masterchessopen.com Makarczyk (Poland)"]
[Round "3"]
[White "Niklasson Christer (SWE)"]
[Black "Swic Waldemar (POL)"]
[Result "0-1"]
[WhiteElo "2350"]
[BlackElo "2345"]

1.d4 Nf6 2.c4 g6 3.Nc3 d5 4.cxd5 Nxd5 5.e4 Nxc3 6.bxc3 Bg7 7.Bc4 c5 8.Ne2 O-O
9.O-O Nc6 10.Be3 cxd4 11.cxd4 Bg4 12.f3 Na5 13.Bd3 Be6 14.Qa4 a6 15.Rad1 b5
16.Qb4 Bxa2 17.d5 Bb3 18.Rc1 e6 19.d6 Be5 20.Bf4 Bxf4 21.Nxf4 e5 22.Nd5 Bxd5
23.exd5 Ra7 24.Rfe1 Rd7 25.Rxe5 Rxd6 26.Ra1 Nb7 27.Qd4 Qc7 28.Bf1 Qc5 29.Qxc5
Nxc5 30.Rc1 Nd7 31.Re7 Rxd5 32.Rc7 Ra8 33.Rb7 Rd8 34.Ra7 Kf8 35.Re1 Nc5 36.Rc1
R5d7 37.Rxd7 Nxd7 38.Rc5 Ra8 {#R} 0-1

[Event "It \"]
[Site "masterchessopen.com Prievidza (Slovakia)"]
[Round "0"]
[White "Hanko Pavol (SVK)"]
[Black "Fabry Robert (SVK)"]
[Result "0-1"]
[WhiteElo "2138"]
[BlackElo "2177"]

1.d4 Nf6 2.c4 g6 3.Nc3 d5 4.cxd5 Nxd5 5.e4 Nxc3 6.bxc3 Bg7 7.Bc4 c5 8.Ne2 O-O
9.O-O cxd4 10.cxd4 Nc6 11.Be3 Bg4 12.f3 Na5 13.Bd3 Be6 14.d5 Bxa1 15.Qxa1 f6
16.Rb1 b6 17.Bh6 Re8 18.Rd1 Bd7 19.Nf4 Rc8 20.e5 Nc4 21.Bxc4 Rxc4 22.d6 Ba4
23.d7 Bxd7 24.e6 Ba4 25.Rxd8 Rxd8 26.Kf2 Rd1 27.Qxd1 Bxd1 28.Nd5 Rc5 29.Nxe7+
Kh8 30.Bf4 Ba4 31.Ke3 Kg7 32.Kd4 Rc2 33.a3 Bb3 {#R} 0-1

[Event "Ch Baden"]
[Site "masterchessopen.com Baden (Germany)"]
[Round "0"]
[White "Deutschmann Matthias (GER)"]
[Black "Sutterer Robert (GER)"]
[Result "1-0"]
[WhiteElo "2165"]
[BlackElo "2205"]

1.d4 Nf6 2.c4 g6 3.Nc3 d5 4.cxd5 Nxd5 5.e4 Nxc3 6.bxc3 c5 7.Bc4 Bg7 8.Ne2 Nc6
9.Be3 cxd4 10.cxd4 O-O 11.O-O Bg4 12.f3 Na5 13.Bd3 Be6 14.Qa4 a6 15.d5 b5
16.Qb4 Bxa1 17.Rxa1 Bd7 18.e5 Re8 19.Nf4 e6 20.Nh5 exd5 21.Nf6+ Kg7 22.Qf4
{#r} 1-0

[Event "Ch URS (1/2 final)"]
[Site "masterchessopen.com Tallinn (Estonia)"]
[Round "0"]
[White "Kakageldyev Amanmurad (TKM)"]
[Black "Dvoirys Semen I (RUS)"]
[Result "0-1"]
[WhiteElo "2388"]
[BlackElo "2598"]

1.d4 Nf6 2.c4 g6 3.Nc3 d5 4.cxd5 Nxd5 5.e4 Nxc3 6.bxc3 Bg7 7.Bc4 c5 8.Ne2 Nc6
9.Be3 O-O 10.O-O cxd4 11.cxd4 Bg4 12.f3 Na5 13.Bd3 Be6 14.d5 Bxa1 15.Qxa1 f6
16.Qd4 Bd7 17.Rb1 b6 18.Bh6 Rf7 19.e5 fxe5 20.Qxe5 Qb8 21.Qd4 Qd6 22.Bf4 Rxf4
23.Qxf4 Qxd5 24.Be4 Qc5+ 25.Kh1 Rf8 26.Qd2 Be6 27.a4 Nc4 28.Qh6 Bf7 29.Nf4 Qe3
30.Qh4 Nd2 31.Nd5 Qc5 32.Nxe7+ Kg7 33.Re1 Nxe4 34.Rxe4 Rd8 35.Qe1 Rd3 36.h4
Kf8 37.Qg3 Rd7 38.Qb8+ Kg7 39.Nc8 Rd8 {#R} 0-1

[Event "Ch DDR"]
[Site "masterchessopen.com Salzwedel (Germany)"]
[Round "0"]
[White "Knaak Rainer (GER)"]
[Black "Gauglitz Gernot (GER)"]
[Result "1-0"]
[WhiteElo "2505"]
[BlackElo "2310"]

1.d4 Nf6 2.c4 g6 3.Nc3 d5 4.cxd5 Nxd5 5.e4 Nxc3 6.bxc3 Bg7 7.Bc4 c5 8.Ne2 cxd4
9.cxd4 Nc6 10.Be3 O-O 11.O-O Bg4 12.f3 Na5 13.Bd3 Be6 14.d5 Bxa1 15.Qxa1 f6
16.Qb1 Bd7 17.e5 fxe5 18.Bxg6 hxg6 19.Qxg6+ Kh8 20.f4 Bf5 21.Qh5+ Bh7 22.Qxe5+
Rf6 23.Bd4 Nc4 24.Qe6 Qd6 25.f5 Rd8 26.Rf4 b5 27.g4 Rg8 28.Kf1 Rg7 29.Bxf6
exf6 30.Rxc4 Qxe6 31.fxe6 bxc4 32.d6 {#r} 1-0

[Event "Ch URS (1 liga)"]
[Site "masterchessopen.com Tallinn (Estonia)"]
[Round "0"]
[White "Balashov Yuri S (RUS)"]
[Black "Polovodin Igor A (RUS)"]
[Result "1-0"]
[WhiteElo "2545"]
[BlackElo "2435"]

1.d4 Nf6 2.c4 g6 3.Nc3 d5 4.cxd5 Nxd5 5.e4 Nxc3 6.bxc3 Bg7 7.Bc4 c5 8.Ne2 Nc6
9.Be3 cxd4 10.cxd4 O-O 11.O-O Bg4 12.f3 Na5 13.Bd3 Be6 14.Rc1 Bxa2 15.Qa4 Be6
16.d5 Bd7 17.Qb4 b6 18.Ba6 Re8 19.Nd4 e5 20.Nc6 Bxc6 21.dxc6 Bf8 22.Qb5 Qc7
23.Rfd1 Bd6 24.Rxd6 Qxd6 25.c7 Rec8 26.Qd5 Qf6 27.Bh6 b5 28.Bxc8 Rxc8 29.Qd7
Qb6+ 30.Kh1 Qe6 31.Qd8+ {#r} 1-0

[Event "?"]
[Site "masterchessopen.com Varna (Bulgaria)"]
[Round "0"]
[White "Peev Peicho (BUL)"]
[Black "Honfi Karoly (HUN)"]
[Result "1-0"]
[WhiteElo "2284"]
[BlackElo "2365"]

1.d4 Nf6 2.c4 g6 3.Nc3 d5 4.cxd5 Nxd5 5.e4 Nxc3 6.bxc3 Bg7 7.Bc4 c5 8.Ne2 Nc6
9.Be3 O-O 10.O-O cxd4 11.cxd4 Bg4 12.f3 Na5 13.Bd3 Be6 14.d5 Bxa1 15.Qxa1 f6
16.Rb1 Bf7 17.Bh6 Rc8 18.Bxf8 Kxf8 19.Qd4 b6 20.Nc3 e6 21.Ba6 Rc5 22.Rd1 exd5
23.exd5 Kg7 24.d6 Nc6 25.Qe3 Nb4 26.Bb7 Qd7 27.Ne4 Re5 28.Nxf6 Qe6 29.Ne4 Nd5
30.Qd4 Kf8 31.Bxd5 Qxd5 32.d7 {#r} 1-0

[Event "Europe Tournament (corr.)"]
[Site "masterchessopen.com corr."]
[Round "0"]
[White "Hanauer Andre"]
[Black "Popov Ivan (SRB)"]
[Result "1-0"]
[WhiteElo "1955"]
[BlackElo "2242"]

1.d4 Nf6 2.c4 g6 3.Nc3 d5 4.cxd5 Nxd5 5.e4 Nxc3 6.bxc3 Bg7 7.Bc4 c5 8.Ne2 cxd4
9.cxd4 Nc6 10.Be3 O-O 11.O-O Bg4 12.f3 Na5 13.Bd3 Be6 14.d5 Bxa1 15.Qxa1 f6
16.Rb1 b6 17.Bh6 Re8 18.Nf4 Bd7 19.e5 Rc8 20.Nxg6 hxg6 21.Bxg6 Rf8 22.Qd4 Rc4
23.Qf2 Kh8 24.Bxf8 Qxf8 25.Bd3 Qh6 26.Bxc4 Nxc4 27.exf6 Qxf6 28.Rd1 Qg5
29.Qd4+ {#r} 1-0

[Event "Ch Poland"]
[Site "masterchessopen.com Bytom (Poland)"]
[Round "2"]
[White "Staniszewski Piotr (POL)"]
[Black "Tomaszewski Roman (POL)"]
[Result "1-0"]
[WhiteElo "2420"]
[BlackElo "2332"]

1.d4 Nf6 2.c4 g6 3.Nc3 d5 4.cxd5 Nxd5 5.e4 Nxc3 6.bxc3 Bg7 7.Bc4 c5 8.Ne2 cxd4
9.cxd4 Nc6 10.Be3 O-O 11.O-O Bg4 12.f3 Na5 13.Bd3 Be6 14.d5 Bxa1 15.Qxa1 f6
16.Bh6 Re8 17.Rb1 Bd7 18.e5 e6 19.exf6 Kf7 20.Bg7 exd5 21.Qd4 Bf5 22.Bxf5 Rxe2
23.Bd3 Re6 24.Rb5 Rd6 25.Qh4 Kg8 26.Bh6 b6 27.f7+ Kxf7 28.Bg5 Qf8 29.Rb4 Nc4
30.Rxc4 dxc4 31.Bxc4+ Ke8 32.Qe4+ Kd7 33.Qb7+ Ke8 34.Bb5+ {#r} 1-0

[Event "Ch Armed Forces"]
[Site "masterchessopen.com Simferopol (Ukraine)"]
[Round "0"]
[White "Vasiliev Rustam N (RUS)"]
[Black "Kuporosov Viktor (RUS)"]
[Result "0-1"]
[WhiteElo "2405"]
[BlackElo "2413"]

1.d4 Nf6 2.c4 g6 3.Nc3 d5 4.cxd5 Nxd5 5.e4 Nxc3 6.bxc3 Bg7 7.Bc4 O-O 8.Ne2 c5
9.O-O Nc6 10.Be3 Bg4 11.f3 Na5 12.Bd3 cxd4 13.cxd4 Be6 14.Qa4 a6 15.Rac1 b5
16.Qb4 Bxa2 17.Rfd1 Bb3 18.Rd2 Bc4 19.Rcd1 Rc8 20.Bc2 Nc6 21.Qb2 Qa5 22.Bb3
Nb4 23.Bg5 Rfe8 24.h4 Qb6 25.Kh1 a5 26.h5 Qe6 27.Bxc4 bxc4 28.hxg6 hxg6 29.Be3
Nd3 30.Qa3 Qb6 31.Ra2 a4 32.Nc3 Bxd4 33.Nd5 Qb3 34.Rxd3 cxd3 35.Bxd4 Qxa3
36.Rxa3 d2 37.Ne3 Rc1+ 38.Kh2 Rd8 39.Rxa4 {#R} 0-1

[Event "It (thematic)"]
[Site "masterchessopen.com Utrecht (Netherlands)"]
[Round "4"]
[White "Nieuwenhuis Pieter (NED)"]
[Black "Timman Jan H (NED)"]
[Result "0-1"]
[WhiteElo "2370"]
[BlackElo "2620"]

1.d4 Nf6 2.c4 g6 3.Nc3 d5 4.cxd5 Nxd5 5.e4 Nxc3 6.bxc3 Bg7 7.Bc4 O-O 8.Ne2 c5
9.O-O Nc6 10.Be3 Bg4 11.f3 cxd4 12.cxd4 Na5 13.Bd3 Be6 14.d5 Bxa1 15.Qxa1 f6
16.Rb1 Re8 17.Nf4 Bf7 18.Bb5 Rf8 19.h4 a6 20.Be2 b5 21.e5 fxe5 22.Qxe5 Qd6
23.Qg5 Qf6 24.Qh6 Qg7 25.Qg5 Qf6 26.Qh6 Nc4 27.Bxc4 bxc4 28.Rb6 Qa1+ 29.Kf2
Rab8 30.Ne2 Qg7 31.Qg5 Rxb6 32.Bxb6 Qf6 33.Qxf6 exf6 34.d6 Be6 35.Ke3 Rb8
36.Bc7 Rb2 37.Nf4 Kf7 {#R} 0-1

[Event "It (thematic)"]
[Site "masterchessopen.com Utrecht (Netherlands)"]
[Round "4"]
[White "Van Der Tuuk Jaap (NED)"]
[Black "Schenk Andreas (GER)"]
[Result "1-0"]
[WhiteElo "2218"]
[BlackElo "2499"]

1.d4 Nf6 2.c4 g6 3.Nc3 d5 4.cxd5 Nxd5 5.e4 Nxc3 6.bxc3 Bg7 7.Bc4 O-O 8.Ne2 c5
9.O-O Nc6 10.Be3 Bg4 11.f3 cxd4 12.cxd4 Na5 13.Bd3 Be6 14.d5 Bxa1 15.Qxa1 f6
16.Rb1 Kg7 17.Qc3 Bf7 18.Qd2 Kh8 19.Bd4 b6 20.Qh6 Nb7 21.e5 Bxd5 22.Bxg6 Bg8
23.Rd1 Rc8 24.Be4 f5 25.Nf4 Bxa2 26.Nh5 {#r} 1-0

[Event "?"]
[Site "masterchessopen.com Berlin (Germany)"]
[Round "0"]
[White "Schoen Wolfram (GER)"]
[Black "Candea Gheorghe (ROM)"]
[Result "1-0"]
[WhiteElo "2403"]
[BlackElo "2139"]

1.d4 Nf6 2.c4 g6 3.Nc3 d5 4.cxd5 Nxd5 5.e4 Nxc3 6.bxc3 Bg7 7.Bc4 O-O 8.Ne2 c5
9.O-O cxd4 10.cxd4 Nc6 11.Be3 Bg4 12.f3 Na5 13.Bd3 Be6 14.d5 Bxa1 15.Qxa1 f6
16.Rb1 Bd7 17.e5 Bc6 18.Be4 Bxd5 19.Rd1 e6 20.Nf4 Qe7 21.Nxd5 exd5 22.Bxd5+
Rf7 23.Qc3 Nc6 24.e6 Rg7 25.Bc5 Qc7 26.e7+ Kh8 27.Bxc6 Qxc6 28.Rd8+ Rg8 29.Rd6
{#r} 1-0

[Event "corr."]
[Site "masterchessopen.com DDR"]
[Round "0"]
[White "Fekete Istvan (HUN)"]
[Black "Mueller Friedrich (GER)"]
[Result "1-0"]
[WhiteElo "2062"]
[BlackElo "2085"]

1.d4 Nf6 2.c4 g6 3.Nc3 d5 4.cxd5 Nxd5 5.e4 Nxc3 6.bxc3 Bg7 7.Bc4 c5 8.Ne2 O-O
9.O-O Nc6 10.Be3 cxd4 11.cxd4 Bg4 12.f3 Na5 13.Bd3 Be6 14.d5 Bxa1 15.Qxa1 f6
16.Bd2 Bd7 17.Qe1 b6 18.Bh6 Rf7 19.Qg3 e5 20.f4 Qe7 21.f5 Kh8 22.fxg6 hxg6
23.Qh4 Kg8 24.Qg3 g5 25.Qf3 Raf8 26.Ng3 Qc5+ 27.Kh1 g4 28.Qe2 Rh7 29.Bxf8 Qxf8
30.Nf5 Bxf5 31.Rxf5 Qg7 32.Ba6 Kf7 33.g3 Qh6 34.Rf1 Kf8 35.Qc2 Qg6 36.d6 Rf7
37.Bc8 {#r} 1-0